Expanded Universal Science Chemistry: (Record no. 200685)

MARC details
000 -LEADER
fixed length control field 00924nam a22002537a 4500
005 - DATE AND TIME OF LATEST TRANSACTION
control field 20240212152720.0
010 ## - LCCN (DPL NO)
LC control number ENG-139205 ENG-139206 ENG-139207
020 ## - INTERNATIONAL STANDARD BOOK NUMBER
Terms of availability 1699.00
International Standard Book Number 9789354496646,9789354496721(Set of 2 Vol and Lab Manual)
035 ## - SYSTEM CONTROL NUMBER
System control number EN-122737
035 ## - SYSTEM CONTROL NUMBER
System control number EN-122738
035 ## - SYSTEM CONTROL NUMBER
System control number EN-122739
037 ## - SOURCE OF ACQUISITION
Source of stock number/acquisition DBAD/PUB
082 ## - DEWEY DECIMAL CLASSIFICATION NUMBER
Classification number 540
Edition number 1
100 ## - MAIN ENTRY--PERSONAL NAME
Personal name Misra, Deepali
245 ## - TITLE STATEMENT
Title Expanded Universal Science Chemistry:
Remainder of title A Complete Learning Solutinn Grade 12/
Statement of responsibility, etc By Deepali Misra
250 ## - EDITION STATEMENT
Edition statement 1
260 ## - PUBLICATION, DISTRIBUTION, ETC. (IMPRINT)
Place of publication, distribution, etc Uttar Pradesh
Name of publisher, distributor, etc Pearson India Education Pvt Ltd
Date of publication, distribution, etc 2022
270 ## - ADDRESS
City Uttar Pradesh
Address 15th FLoor, Tower-B, World Trade Tower, Plot No.1, Block- C, Sector-16, Noida
Postal code 201301
300 ## - PHYSICAL DESCRIPTION
Extent vpp.
Dimensions 25cm(pb)
Other physical details Index
300 ## - PHYSICAL DESCRIPTION
Extent 224p.
Dimensions 23cm(pb)
Other physical details Index
490 ## - SERIES STATEMENT
Volume number/sequential designation Vol 1 Vol 2 and La Manual
500 ## - GENERAL NOTE
General note Set Of 2 Volumes and Lab Manual
942 ## - ADDED ENTRY ELEMENTS (KOHA)
Source of classification or shelving scheme Dewey Decimal Classification
Item type English Books
Classification part 540
Call number suffix MIS
Edition 1
Holdings
Withdrawn status Lost status Materials specified (bound volume or other part) Not for loan Collection code Home library Current library Date acquired Source of acquisition Cost, normal purchase price Full call number Barcode Copy number Cost, replacement price Koha item type
    VOL-1   Non-fiction Peshwa Road Peshwa Road 12/02/2024 DBAD/PUB 849.50 540 MIS EN-122737 1 849.50 English Books
    VOL-2   Non-fiction Peshwa Road Peshwa Road 12/02/2024 DBAD/PUB 849.50 540 MIS EN-122738 1 849.50 English Books
    Lab Manual   Non-fiction Peshwa Road Peshwa Road 12/02/2024 DBAD/PUB 0.00 540 MIS EN-122739 1 0.00 English Books

© Delhi Public Library
Hit Counter
free hit counter